|
|
|
|
| LEADER |
00817naa a2200193 i 4500 |
| 001 |
publ20773 |
| 005 |
20210304124526.0 |
| 008 |
210304s2012 hu o 0|| zxx d |
| 020 |
|
|
|a 9789633061596
|
| 024 |
7 |
|
|a 2112553
|2 mtmt
|
| 040 |
|
|
|a SZTE Publicatio Repozitórium
|b hun
|
| 041 |
|
|
|a zxx
|
| 100 |
1 |
|
|a Nagy Sándor
|
| 245 |
1 |
4 |
|a The role of Supreme Audit Institutions in fight against the consequences of financial and economic crisis - A theoretical approach
|h [elektronikus dokumentum] /
|c Nagy Sándor
|
| 260 |
|
|
|a Faculty of Economics and Business Administration, University of Szeged
|b Szeged
|c 2012
|
| 300 |
|
|
|a 12
|
| 300 |
|
|
|a 270-282
|
| 490 |
0 |
|
|a Crisis Aftermath: Economic policy changes in the EU and its Member States
|
| 856 |
4 |
0 |
|u http://publicatio.bibl.u-szeged.hu/20773/1/MPRA_paper_40356.pdf
|z Dokumentum-elérés
|